La pavorosa revolución: la decadencia del Imperio Romano en Occidente
Guardat en:
| Autor principal: | |
|---|---|
| Format: | Llibre |
| Idioma: | espanyol |
| Publicat: |
Madrid
Alianza
1984
|
| Edició: | 3a. ed |
| Matèries: | |
| Etiquetes: |
Afegir etiqueta
Sense etiquetes, Sigues el primer a etiquetar aquest registre!
|
MARC
| LEADER | 00000nam a2200000 a 4500 | ||
|---|---|---|---|
| 001 | UCW8840 | ||
| 003 | CL-VaPUC | ||
| 008 | 881028e19840000SP |||||||||||||||||spa|d | ||
| 082 | 0 | 4 | |a 937.09 |b WAL |2 21 |
| 100 | 0 | |a Walbank, Frank William |e author |9 314069 | |
| 245 | 1 | 3 | |a La pavorosa revolución: la decadencia del Imperio Romano en Occidente |
| 250 | |a 3a. ed | ||
| 300 | |a 159 p | ||
| 942 | |c BK | ||
| 945 | |d 19881028 00:00:00 | ||
| 260 | |a Madrid |b Alianza |c 1984 | ||
| 650 | 7 | |a HISTORIA IMPERIO 30 AC-476 DC |2 CL-VaPUC |9 314070 | |
| 651 | 0 | |a Roma |9 255106 | |
| 583 | |a last modification |c 19881028 00:00:00 |k Rodrigo Vera | ||
| 999 | |c 221065 |d 221063 | ||
| 952 | |0 0 |1 0 |4 0 |6 937_090000000000000_WAL_1984 |7 0 |8 A |9 214001 |a BIBHIS |b BIBHIS |d 2019-11-15 |i 2824027 |o 937.09 WAL 1984 |p 2824027 |r 2025-01-20 |w 2019-11-15 |y BK |k HIS | ||
| 952 | |0 0 |1 0 |4 0 |6 937_090000000000000_WAL_1984 |7 0 |8 A |9 214002 |a BIBHIS |b BIBHIS |d 2019-11-15 |i 2824035 |o 937.09 WAL 1984 |p 2824035 |r 2025-01-20 |w 2019-11-15 |y BK |k HIS | ||